00373nam a2200097Ia 4500008004100000245009100041245004100132260000900173650004500182856004800227171204s9999 xx 000 0 und d 4aThe Wiley Handbook of Developmental Psychology in Practice: Implementation and Impact: cH. Rudolph Schaffer and Kevin Durkin c2016 xPRF Ed 1: Child & Adolescent Development uhttp://down.ebook777.com/051/1405163364.pdf